| 000 | 00697nab a2200193 4500 | ||
|---|---|---|---|
| 999 |
_c372383 _d372383 |
||
| 001 | 90031 | ||
| 003 | OSt | ||
| 005 | 20230420083129.0 | ||
| 007 | tu | ||
| 008 | 110905s2000||||||| | ||
| 040 |
_aDE-2950 _cDE-2950 |
||
| 245 | 0 | 0 |
_aFrankfurter Technik auf de Weg zum Jupiter. _bMission. Am Freitag ist die ESA-Raumsonde "Juice" Richtung Jupiter gestartet. In gewisser Weise ist an Bord auch ein Teil der Oderstadt .../ _cFoto: Franziska Wegner |
| 264 | _c2023 | ||
| 653 | _aFrankfurt (Oder) | ||
| 653 | _aIHP - Leibnitz Institut für innovative Mikroelektronik | ||
| 653 | _aSchaltkreis | ||
| 773 | 0 |
_g34. Jahrgang (2023) Nr. 90, 18.04.2023, S. 15: mit Foto _tMärkische Oderzeitung |
|
| 942 |
_2z _cA |
||